| 000 | 00721nam a2200253ra 4500 | ||
|---|---|---|---|
| 001 | 27038 | ||
| 003 | BD-RjUL | ||
| 005 | 20211209051114.0 | ||
| 008 | 140324s1959 enkb 001 0 eng d | ||
| 035 | _a(BD-RjUL) 27109 | ||
| 040 |
_aNZOC _beng _cNZOC _dNZOC _dANL _dBD-RjUL |
||
| 041 | _aeng | ||
| 082 | 0 | 4 | _a956 |
| 082 | 0 | 4 |
_a956.94 _bMEM 1959 |
| 100 | 1 |
_aMeinertzhagen, Richard, _d1878-1967. _983059 |
|
| 245 | 1 | 0 |
_aMiddle East diary, 1917-1956 / _cRichard Meinertzhagen. |
| 260 |
_aLondon : _bThe Cressrt press, _c1959. |
||
| 300 |
_a376 p. ; _bmap. |
||
| 504 | _aIncludes Index | ||
| 651 | 0 |
_aMiddle East _xPolitics and government. _983060 |
|
| 942 |
_2ddc _cBK |
||
| 999 |
_c27038 _d27038 |
||